Joy to the girls / Rachael Lippincott and Alyson ... Read More
Available copies
- 2 of 2 copies available at LARL/NWRL Consortium. (Show)
- 2 of 2 copies available at Lake Agassiz Regional Library.
Current holds
0 current holds with 2 total copies.
Show Only Available Copies
| Location | Call Number / Copy Notes | Barcode | Shelving Location | Status | Due Date |
|---|---|---|---|---|---|
| Detroit Lakes Public Library | Y LIP (Text) | 33500014345805 | New | Available | - |
| Moorhead Public Library | Y LIP (Text) | 33500014345797 | New | Available | - |
Record details
- ISBN: 9781665963930
- ISBN: 166596393X
- ISBN: 9781665963947
- ISBN: 1665963948
- Physical Description: 167 pages ; 19 cm
- Edition: First edition.
- Publisher: New York : Simon & Schuster Books for Young Readers, [2025]
Content descriptions
| General Note: | "A She Gets the Girl Novella." |
| Summary, etc.: | During a festive holiday trip, Molly and Alex try ... Read More "For Alex and Molly, the last three years have ... Read More |
| Target Audience Note: | Ages 14 and up Simon & Schuster Books for Young ... Read More Grades 9 and up Simon & Schuster Books for Young ... Read More |
Search for related items by subject
| Genre: | Young adult fiction. Romance fiction. Novellas. Christmas fiction. Romance fiction. Christmas fiction. Lesbian fiction. Novellas. |
Search for related items by series
| LDR | 05167cam a2200889 i 4500 | ||
|---|---|---|---|
| 001 | 481597 | ||
| 003 | LARL_NWRL_CONSORTIUM | ||
| 005 | 20260313170500.0 | ||
| 008 | 241025s2025 nyu d 000 f eng | ||
| 010 | . | ‡a 2024050165 | |
| 040 | . | ‡aDLC ‡beng ‡erda ‡cDLC ‡dIG# ‡dOCLCO ‡dTOH ‡dJCX ‡dRNL ‡dYDX ‡dCHILD ‡dOCLCO ‡dOCO ‡dMLSOD | |
| 019 | . | ‡a1542874851 | |
| 020 | . | ‡a9781665963930 ‡q(hardcover) | |
| 020 | . | ‡a166596393X ‡q(hardcover) | |
| 020 | . | ‡a9781665963947 ‡q(paperback) | |
| 020 | . | ‡a1665963948 ‡q(paperback) | |
| 020 | . | ‡z9781665963954 ‡q(electronic book) | |
| 035 | . | ‡a(OCoLC)1489466680 ‡z(OCoLC)1542874851 | |
| 042 | . | ‡apcc | |
| 082 | 0 | 0. | ‡a[Fic] ‡223 |
| 100 | 1 | . | ‡aLippincott, Rachael, ‡eauthor. ‡4http://id.loc.gov/vocabulary/relators/aut ‡1https://id.oclc.org/worldcat/entity/E39PCjr98MTjJQHbf7vKdKh8md ‡1http://id.loc.gov/rwo/agents/n2018041956 |
| 245 | 1 | 0. | ‡aJoy to the girls / ‡cRachael Lippincott and Alyson Derrick. |
| 250 | . | ‡aFirst edition. | |
| 264 | 1. | ‡aNew York : ‡bSimon & Schuster Books for Young Readers, ‡c[2025] | |
| 300 | . | ‡a167 pages ; ‡c19 cm | |
| 334 | . | ‡asingle unit ‡bmono ‡0http://id.loc.gov/vocabulary/issuance/mono | |
| 336 | . | ‡atext ‡btxt ‡2rdacontent ‡0http://id.loc.gov/vocabulary/contentTypes/txt | |
| 337 | . | ‡aunmediated ‡bn ‡2rdamedia ‡0http://id.loc.gov/vocabulary/mediaTypes/n | |
| 338 | . | ‡avolume ‡bnc ‡2rdacarrier ‡0http://id.loc.gov/vocabulary/carriers/nc | |
| 385 | . | ‡mAge group ‡nage ‡aTeenagers ‡0http://id.loc.gov/authorities/demographicTerms/dg2015060011 | |
| 490 | 0 | . | ‡aShe gets the girl ; ‡v1.5 |
| 500 | . | ‡a"A She Gets the Girl Novella." | |
| 520 | . | ‡aDuring a festive holiday trip, Molly and Alex try to play matchmaker for their friend Cora while grappling with post-college fears and secrets they have been keeping from each other. | |
| 520 | . | ‡a"For Alex and Molly, the last three years have felt like Christmas every day. So what better way to celebrate winter break of their senior year than a romantic getaway in a town right out of a Christmas card? Aside from sampling all the holiday cheer Barnwich has to offer, Alex and Molly have an important mission this weekend: to help their friend Cora get her crush to fall for her. But in between ice skating, snowball fights, and matchmaking schemes, it becomes obvious that Alex and Molly have another mission this weekend: to not reveal the huge secrets they're keeping from the other. Secrets about their post-college plans that threaten to tear them apart. Will these two be able to help Cora get the girl and keep theirs -- or will this be the last Christmas of Alex and Molly's love story?" -- ‡cProvided by publisher. | |
| 521 | . | ‡aAges 14 and up ‡bSimon & Schuster Books for Young Readers. | |
| 521 | . | ‡aGrades 9 and up ‡bSimon & Schuster Books for Young Readers. | |
| 650 | 0. | ‡aLesbians ‡vJuvenile fiction. | |
| 650 | 0. | ‡aFemale friendship ‡vJuvenile fiction. | |
| 650 | 0. | ‡aCollege students ‡vJuvenile fiction. | |
| 650 | 0. | ‡aChristmas ‡vJuvenile fiction. | |
| 650 | 0. | ‡aDating (Social customs) ‡vJuvenile fiction. ‡0(LARL_NWRL_CONSORTIUM)171809 | |
| 650 | 0. | ‡aSecrecy ‡vJuvenile fiction. ‡0(LARL_NWRL_CONSORTIUM)174888 | |
| 650 | 1. | ‡aChristmas ‡vFiction. ‡0(LARL_NWRL_CONSORTIUM)175931 | |
| 650 | 1. | ‡aDating ‡vFiction. | |
| 650 | 1. | ‡aSecrets ‡vFiction. | |
| 650 | 7. | ‡aChristmas ‡vFiction. ‡2sears ‡0(LARL_NWRL_CONSORTIUM)175931 | |
| 650 | 7. | ‡aDating (Social customs) ‡vFiction. ‡2sears ‡0(LARL_NWRL_CONSORTIUM)164536 | |
| 650 | 7. | ‡aSecrets ‡vFiction. ‡2sears | |
| 655 | 0. | ‡aYoung adult fiction. | |
| 655 | 0. | ‡aRomance fiction. | |
| 655 | 0. | ‡aNovellas. | |
| 655 | 0. | ‡aChristmas fiction. | |
| 655 | 7. | ‡aRomance fiction. ‡2lcgft | |
| 655 | 7. | ‡aChristmas fiction. ‡2lcgft | |
| 655 | 7. | ‡aLesbian fiction. ‡2lcgft | |
| 655 | 7. | ‡aNovellas. ‡2lcgft | |
| 700 | 1 | . | ‡aDerrick, Alyson, ‡eauthor. ‡4aut ‡4http://id.loc.gov/vocabulary/relators/aut ‡1https://id.oclc.org/worldcat/entity/E39PCjBFh88978TJctKtrpRTd3 ‡1http://id.loc.gov/rwo/agents/no2021096535 |
| 758 | . | ‡1http://id.loc.gov/resources/instances/23903160 | |
| 758 | . | ‡4http://id.loc.gov/ontologies/bibframe/instanceOf ‡1http://id.loc.gov/resources/works/23903160 | |
| 776 | 0 | 8. | ‡iOnline version ‡4http://id.loc.gov/entities/relationships/onlineversion ‡aDerrick, Alyson ‡tJoy to the girls ‡bFirst edition ‡dNew York : Simon & Schuster Books for Young Readers, 2025 ‡z9781665963954 ‡w(DLC) 2024050166 |
| 884 | . | ‡aDLC bibframe2marc v2.10-dev ‡g20250415 ‡qDLC ‡uhttps://github.com/lcnetdev/bibframe2marc/releases/tag/v2.10-dev | |
| 905 | . | ‡uvanderl | |
| 901 | . | ‡a481597 ‡bAUTOGEN ‡c481597 ‡tbiblio ‡soclc | |

Add to basket
Permalink
Enable Highlighting